O homem, a cidade e a lei a dialťica da virtude e do direito em aristt̤eles /

Detalles Bibliográficos
Autor principal: Furtado de Magalhês Gomes, Marcella
Formato: eBook
Lenguaje:portugués
Publicado: Belo Horizonte: Initia Via Editora, 2013
Materias:
Acceso en línea:Acceso restringido

MARC

LEADER 00000nam a22000007a 4500
005 20210423222633.0
007 cr|||| ||||
008 210423s2013 br |||||s|||| 00||0 por d
020 |a 978-85-64912-25-0 
035 |a 33141 
040 |a vLex 
090 |c 11519  |d 11519 
100 1 |a Furtado de Magalhês Gomes, Marcella 
245 1 1 |a O homem, a cidade e a lei  |b a dialťica da virtude e do direito em aristt̤eles /  |c Marcella Furtado de Magalhês Gomes  |h [Recurso electrn̤ico] : 
256 |a Servicio en ln̕ea 
260 |a Belo Horizonte:  |b Initia Via Editora,  |c 2013 
300 |a 1 recurso electrn̤ico 
506 1 |a Disponible solo en los productos indicados  |d vLex Global  |d vLex Global (Academic Edition, excluding Law Schools)  |d vLex Global (U.S. Academic Edition, Law Schools)  |d vLex Global (U.S. Academic Edition, excluding Law Schools)  |d vLex Global (Academic Edition, Law Schools) 
650 0 4 |a Ciencias sociales  |z Brasil 
740 0 |a vLex Libros (Servicio en ln̕ea) 
856 4 0 |u https://vlex.com/source/homem-cidade-lei-dialetica-virtude-direito-aristoteles-33141  |z Acceso restringido 
942 |c BOOK 
999 0 |a Social Sciences